[Event "Tournoi International du Pays de Charleroi 2018"]
[Site "Roux, Belgium"]
[Date "2018.08.03"]
[Round "8.5"]
[White "Godart, Francois"]
[Black "Goossens, Hanne"]
[Result "1-0"]
[BlackTitle "WFM"]
[WhiteElo "2427"]
[BlackElo "2204"]

1. d4 {[%clk 01:30:58]} {[%emt 00:00:02]} Nf6 {[%clk 01:30:40]} {[%emt
00:00:21]} 2. c4 {[%clk 01:31:13]} {[%emt 00:00:15]} e6 {[%clk 01:31:04]}
{[%emt 00:00:07]} 3. g3 {[%clk 01:31:32]} {[%emt 00:00:10]} c5 {[%clk
01:30:32]} {[%emt 00:01:03]} 4. d5 {[%clk 01:31:57]} {[%emt 00:00:05]} exd5
{[%clk 01:30:56]} {[%emt 00:00:06]} 5. cxd5 {[%clk 01:32:23]} {[%emt 00:00:03]}
d6 {[%clk 01:31:09]} {[%emt 00:00:18]} 6. Nc3 {[%clk 01:32:49]} {[%emt
00:00:05]} g6 {[%clk 01:31:26]} {[%emt 00:00:12]} 7. Bg2 {[%clk 01:33:14]}
{[%emt 00:00:04]} Bg7 {[%clk 01:31:42]} {[%emt 00:00:15]} 8. Nf3 {[%clk
01:33:40]} {[%emt 00:00:04]} O-O {[%clk 01:31:52]} {[%emt 00:00:20]} 9. O-O
{[%clk 01:34:06]} {[%emt 00:00:04]} Re8 {[%clk 01:32:11]} {[%emt 00:00:11]} 10.
Bf4 {[%clk 01:34:20]} {[%emt 00:00:16]} Ne4 {[%clk 01:31:26]} {[%emt 00:01:15]}
11. Nxe4 {[%clk 01:34:32]} {[%emt 00:00:18]} Rxe4 {[%clk 01:31:47]} {[%emt
00:00:08]} 12. Nd2 {[%clk 01:34:56]} {[%emt 00:00:06]} Rxf4 {[%clk 01:31:12]}
{[%emt 00:01:05]} 13. gxf4 {[%clk 01:35:12]} {[%emt 00:00:14]} Bxb2 {[%clk
01:31:33]} {[%emt 00:00:09]} 14. Rb1 {[%clk 01:35:36]} {[%emt 00:00:06]} Bg7
{[%clk 01:31:47]} {[%emt 00:00:16]} 15. e4 {[%clk 01:35:49]} {[%emt 00:00:16]}
Nd7 {[%clk 01:31:48]} {[%emt 00:00:30]} 16. Qf3 {[%clk 01:35:47]} {[%emt
00:00:32]} b5 {[%clk 01:30:29]} {[%emt 00:01:49]} 17. Rfe1 {[%clk 01:36:02]}
{[%emt 00:00:15]} Qa5 {[%clk 01:28:59]} {[%emt 00:02:00]} 18. Nb3 {[%clk
01:20:24]} {[%emt 00:16:08]} Qb6 {[%clk 01:18:39]} {[%emt 00:10:50]} 19. e5
{[%clk 01:05:08]} {[%emt 00:15:45]} dxe5 {[%clk 01:09:24]} {[%emt 00:09:45]} 20.
Nd2 {[%clk 01:03:51]} {[%emt 00:01:47]} Qa5 {[%clk 00:36:40]} {[%emt 00:33:15]}
21. Ne4 {[%clk 00:51:18]} {[%emt 00:13:03]} f5 {[%clk 00:34:52]} {[%emt
00:02:18]} 22. Nxc5 {[%clk 00:39:43]} {[%emt 00:12:04]} Nxc5 {[%clk 00:31:39]}
{[%emt 00:03:43]} 23. fxe5 {[%clk 00:40:08]} {[%emt 00:00:05]} Ne4 {[%clk
00:25:39]} {[%emt 00:06:30]} 24. Qd3 {[%clk 00:36:23]} {[%emt 00:04:15]} Bxe5
{[%clk 00:22:46]} {[%emt 00:03:23]} 25. Bxe4 {[%clk 00:34:00]} {[%emt
00:02:52]} fxe4 {[%clk 00:21:18]} {[%emt 00:01:59]} 26. Qxe4 {[%clk 00:34:24]}
{[%emt 00:00:06]} Bf6 {[%clk 00:12:52]} {[%emt 00:08:56]} 27. d6 {[%clk
00:33:51]} {[%emt 00:01:03]} Rb8 {[%clk 00:12:18]} {[%emt 00:01:04]} 28. Qe8+
{[%clk 00:33:22]} {[%emt 00:00:59]} Kg7 {[%clk 00:12:42]} {[%emt 00:00:07]} 29.
Re7+ {[%clk 00:33:09]} {[%emt 00:00:42]} Kh6 {[%clk 00:07:10]} {[%emt
00:06:02]} 30. Qf8 {[%clk 00:33:12]} {[%emt 00:00:26]} Kg5 {[%clk 00:07:34]}
{[%emt 00:00:06]} 31. f4+ {[%clk 00:31:51]} {[%emt 00:01:52]} Kg4 {[%clk
00:03:32]} {[%emt 00:04:33]} 32. Qxf6 {[%clk 00:32:05]} {[%emt 00:00:15]} Qxa2
{[%clk 00:03:54]} {[%emt 00:00:08]} 33. Qg5+ {[%clk 00:32:28]} {[%emt
00:00:06]} 1-0

[ePGN "0.1;DGT LiveChess/2.1"]

[Event "Tournoi International du Pays de Charleroi 2018"]
[Site "Roux, Belgium"]
[Date "2018.08.04"]
[Round "9.20"]
[White "De Villers, Mourad"]
[Black "Callier, Christophe"]
[Result "1-0"]
[WhiteElo "2117"]
[BlackElo "1970"]

1. g3 {[%clk 01:30:04]} {[%emt 00:00:55]} d5 {[%clk 01:30:57]} {[%emt
00:00:03]} 2. c4 {[%clk 01:30:16]} {[%emt 00:00:18]} d4 {[%clk 01:31:03]}
{[%emt 00:00:26]} 3. Bg2 {[%clk 01:29:18]} {[%emt 00:01:25]} Nc6 {[%clk
01:31:25]} {[%emt 00:00:11]} 4. Nf3 {[%clk 01:28:03]} {[%emt 00:01:44]} e5
{[%clk 01:31:45]} {[%emt 00:00:09]} 5. O-O {[%clk 01:27:40]} {[%emt 00:00:52]}
Bg4 {[%clk 01:31:53]} {[%emt 00:00:23]} 6. d3 {[%emt 00:02:58]} Qd7 {[%clk
01:32:15]} {[%emt 00:00:06]} 7. Qa4 {[%clk 01:22:56]} {[%emt 00:02:48]} f6
{[%clk 01:31:39]} {[%emt 00:01:06]} 8. e3 {[%clk 01:14:47]} {[%emt 00:08:39]}
O-O-O {[%clk 01:31:15]} {[%emt 00:00:55]} 9. e4 {[%clk 01:02:35]} {[%emt
00:12:41]} Bh3 {[%clk 01:29:39]} {[%emt 00:02:06]} 10. Nbd2 {[%clk 00:59:55]}
{[%emt 00:03:10]} g5 {[%clk 01:28:42]} {[%emt 00:01:27]} 11. Rb1 {[%clk
00:56:08]} {[%emt 00:04:17]} Kb8 {[%clk 01:27:05]} {[%emt 00:02:07]} 12. b4
{[%clk 00:53:18]} {[%emt 00:03:20]} h5 {[%clk 01:27:07]} {[%emt 00:00:28]} 13.
b5 {[%clk 00:50:57]} {[%emt 00:02:50]} Nce7 {[%clk 01:27:07]} {[%emt 00:00:31]}
14. c5 {[%clk 00:49:21]} {[%emt 00:02:07]} Bxg2 {[%clk 01:25:33]} {[%emt
00:02:04]} 15. Kxg2 {[%clk 00:47:55]} {[%emt 00:01:55]} h4 {[%clk 01:20:06]}
{[%emt 00:05:57]} 16. c6 {[%clk 00:43:51]} {[%emt 00:04:33]} Qc8 {[%clk
01:16:34]} {[%emt 00:04:03]} 17. cxb7 {[%clk 00:40:18]} {[%emt 00:04:02]} Qd7
{[%clk 01:16:39]} {[%emt 00:00:26]} 18. Ba3 {[%clk 00:28:27]} {[%emt 00:12:21]}
Ng6 {[%clk 01:15:55]} {[%emt 00:01:15]} 19. Rb3 {[%clk 00:22:33]} {[%emt
00:06:23]} hxg3 {[%clk 01:15:54]} {[%emt 00:00:30]} 20. fxg3 {[%clk 00:22:06]}
{[%emt 00:00:57]} Qh3+ {[%clk 01:15:22]} {[%emt 00:01:03]} 21. Kg1 {[%clk
00:20:16]} {[%emt 00:02:19]} g4 {[%clk 01:15:00]} {[%emt 00:00:53]} 22. Bxf8
{[%clk 00:19:29]} {[%emt 00:01:16]} gxf3 {[%clk 01:15:01]} {[%emt 00:00:30]} 23.
Nxf3 {[%clk 00:19:40]} {[%emt 00:00:19]} Nf4 {[%clk 01:03:24]} {[%emt
00:12:07]} 24. Rf2 {[%clk 00:13:05]} {[%emt 00:07:05]} Qe6 {[%clk 00:57:13]}
{[%emt 00:06:41]} 25. Bc5 {[%clk 00:12:21]} {[%emt 00:01:14]} Nh3+ {[%clk
00:57:20]} {[%emt 00:00:23]} 26. Kf1 {[%clk 00:12:25]} {[%emt 00:00:24]} Kxb7
{[%clk 00:57:28]} {[%emt 00:00:24]} 27. Qxa7+ {[%clk 00:12:20]} {[%emt
00:00:34]} Kc8 {[%clk 00:57:57]} {[%emt 00:00:01]} 28. b6 {[%clk 00:11:42]}
{[%emt 00:01:09]} Rh7 {[%clk 00:54:03]} {[%emt 00:04:24]} 29. b7+ {[%clk
00:09:21]} {[%emt 00:02:50]} Kd7 {[%clk 00:54:31]} {[%emt 00:00:03]} 30. Qa4+
{[%clk 00:09:04]} {[%emt 00:00:47]} c6 {[%clk 00:52:18]} {[%emt 00:02:44]} 31.
b8=Q {[%clk 00:09:20]} {[%emt 00:00:13]} Rxb8 {[%clk 00:52:39]} {[%emt
00:00:09]} 1-0

[Event "Tournoi International du Pays de Charleroi 2018"]
[Site "Roux, Belgium"]
[Date "2018.08.04"]
[Round "9.2"]
[White "Godart, Francois"]
[Black "Gurevich, Mikhail"]
[Result "0-1"]
[BlackTitle "GM"]
[WhiteElo "2427"]
[BlackElo "2569"]

1. e4 {[%clk 01:30:55]} {[%emt 00:00:05]} d6 {[%clk 01:30:11]} {[%emt
00:00:49]} 2. d4 {[%clk 01:31:14]} {[%emt 00:00:12]} Nf6 {[%clk 01:30:36]}
{[%emt 00:00:04]} 3. Nc3 {[%clk 01:31:24]} {[%emt 00:00:20]} g6 {[%clk
01:30:52]} {[%emt 00:00:14]} 4. f4 {[%clk 01:30:41]} {[%emt 00:01:13]} Bg7
{[%clk 01:30:41]} {[%emt 00:00:43]} 5. Nf3 {[%clk 01:31:05]} {[%emt 00:00:03]}
c5 {[%clk 01:31:02]} {[%emt 00:00:09]} 6. Bb5+ {[%clk 01:29:52]} {[%emt
00:01:43]} Bd7 {[%clk 01:31:20]} {[%emt 00:00:12]} 7. e5 {[%clk 01:30:15]}
{[%emt 00:00:06]} Ng4 {[%clk 01:31:46]} {[%emt 00:00:05]} 8. Bxd7+ {[%clk
01:30:05]} {[%emt 00:00:40]} Qxd7 {[%clk 01:31:22]} {[%emt 00:00:54]} 9. d5
{[%clk 01:30:30]} {[%emt 00:00:05]} dxe5 {[%clk 01:31:48]} {[%emt 00:00:03]} 10.
h3 {[%clk 01:30:54]} {[%emt 00:00:06]} e4 {[%clk 01:32:16]} {[%emt 00:00:03]}
11. hxg4 {[%clk 01:31:15]} {[%emt 00:00:09]} exf3 {[%clk 01:32:11]} {[%emt
00:00:34]} 12. Qxf3 {[%clk 01:31:40]} {[%emt 00:00:06]} Na6 {[%clk 01:31:10]}
{[%emt 00:01:32]} 13. Bd2 {[%clk 01:30:35]} {[%emt 00:01:34]} O-O-O {[%clk
01:23:02]} {[%emt 00:08:38]} 14. O-O-O {[%clk 01:30:48]} {[%emt 00:00:17]} f5
{[%clk 00:58:58]} {[%emt 00:24:34]} 15. gxf5 {[%clk 01:21:33]} {[%emt
00:09:44]} gxf5 {[%clk 00:59:18]} {[%emt 00:00:11]} 16. Be1 {[%clk 01:09:04]}
{[%emt 00:12:59]} Nc7 {[%clk 00:52:42]} {[%emt 00:07:06]} 17. Bh4 {[%clk
01:03:14]} {[%emt 00:06:19]} Qd6 {[%clk 00:52:49]} {[%emt 00:00:24]} 18. Rhe1
{[%clk 01:00:29]} {[%emt 00:03:15]} Rhe8 {[%clk 00:52:08]} {[%emt 00:01:10]} 19.
g3 {[%clk 00:55:04]} {[%emt 00:05:55]} Rd7 {[%clk 00:45:19]} {[%emt 00:07:20]}
20. Qd3 {[%clk 00:39:48]} {[%emt 00:15:46]} e6 {[%clk 00:42:16]} {[%emt
00:03:33]} 21. dxe6 {[%clk 00:26:02]} {[%emt 00:14:16]} Qxd3 {[%clk 00:40:54]}
{[%emt 00:01:51]} 22. Rxd3 {[%clk 00:26:21]} {[%emt 00:00:12]} Rxd3 {[%clk
00:40:49]} {[%emt 00:00:34]} 23. cxd3 {[%clk 00:26:47]} {[%emt 00:00:04]} Rxe6
{[%clk 00:41:03]} {[%emt 00:00:17]} 24. Rxe6 {[%clk 00:26:42]} {[%emt
00:00:35]} Nxe6 {[%clk 00:41:27]} {[%emt 00:00:05]} 25. Nd5 {[%clk 00:26:29]}
{[%emt 00:00:43]} Kd7 {[%clk 00:41:19]} {[%emt 00:00:39]} 26. Nf6+ {[%clk
00:24:45]} {[%emt 00:02:14]} Bxf6 {[%clk 00:39:50]} {[%emt 00:01:58]} 27. Bxf6
{[%clk 00:25:10]} {[%emt 00:00:05]} Kd6 {[%clk 00:31:28]} {[%emt 00:08:52]} 28.
Kd2 {[%clk 00:24:36]} {[%emt 00:01:05]} Kd5 {[%clk 00:31:06]} {[%emt 00:00:52]}
29. Ke3 {[%clk 00:24:49]} {[%emt 00:00:16]} h5 {[%clk 00:24:35]} {[%emt
00:07:01]} 30. Be5 {[%clk 00:19:14]} {[%emt 00:06:04]} a6 {[%clk 00:24:13]}
{[%emt 00:00:53]} 31. Bf6 {[%clk 00:19:18]} {[%emt 00:00:27]} b6 {[%clk
00:24:22]} {[%emt 00:00:21]} 32. Be5 {[%clk 00:19:26]} {[%emt 00:00:21]} b5
{[%clk 00:24:00]} {[%emt 00:00:53]} 33. Bf6 {[%clk 00:19:32]} {[%emt 00:00:24]}
Kd6 {[%clk 00:19:12]} {[%emt 00:05:18]} 34. Kf3 {[%clk 00:19:26]} {[%emt
00:00:35]} Kd5 {[%clk 00:17:53]} {[%emt 00:01:49]} 35. Ke3 {[%clk 00:19:27]}
{[%emt 00:00:29]} a5 {[%clk 00:17:01]} {[%emt 00:01:23]} 36. Be5 {[%clk
00:19:39]} {[%emt 00:00:17]} Nd8 {[%clk 00:13:13]} {[%emt 00:04:18]} 37. Bf6
{[%clk 00:10:50]} {[%emt 00:09:20]} Nc6 {[%clk 00:13:28]} {[%emt 00:00:14]} 38.
Bc3 {[%clk 00:11:07]} {[%emt 00:00:13]} a4 {[%clk 00:10:26]} {[%emt 00:03:32]}
39. Kf3 {[%clk 00:09:11]} {[%emt 00:02:26]} Ne7 {[%clk 00:01:35]} {[%emt
00:09:21]} 40. Bf6 {[%clk 00:07:03]} {[%emt 00:02:38]} Nc6 {[%clk 00:01:52]}
{[%emt 00:00:14]} 41. Bc3 {[%clk 00:07:23]} {[%emt 00:00:10]} Ke6 {[%clk
00:27:39]} {[%emt 00:04:43]} 42. Ke3 {[%clk 00:36:36]} {[%emt 00:01:16]} Kd6
{[%clk 00:27:53]} {[%emt 00:00:16]} 43. Kf2 {[%clk 00:35:42]} {[%emt 00:01:24]}
Ke6 {[%clk 00:26:58]} {[%emt 00:01:25]} 44. Ke3 {[%clk 00:35:53]} {[%emt
00:00:20]} Ne7 {[%clk 00:27:16]} {[%emt 00:00:11]} 45. Be5 {[%clk 00:32:26]}
{[%emt 00:03:57]} Nd5+ {[%clk 00:27:19]} {[%emt 00:00:28]} 46. Kd2 {[%clk
00:32:14]} {[%emt 00:00:41]} Nb4 {[%clk 00:27:43]} {[%emt 00:00:06]} 47. a3
{[%clk 00:31:48]} {[%emt 00:00:56]} Nc6 {[%clk 00:28:08]} {[%emt 00:00:05]} 48.
Bc3 {[%clk 00:31:40]} {[%emt 00:00:38]} b4 {[%clk 00:21:50]} {[%emt 00:06:48]}
49. Bg7 {[%clk 00:31:09]} {[%emt 00:01:01]} bxa3 {[%clk 00:21:34]} {[%emt
00:00:46]} 50. bxa3 {[%clk 00:31:33]} {[%emt 00:00:07]} Kd5 {[%clk 00:22:02]}
{[%emt 00:00:02]} 51. Ke3 {[%clk 00:22:27]} {[%emt 00:09:35]} Na7 {[%clk
00:21:31]} {[%emt 00:01:01]} 52. Bb2 {[%clk 00:20:53]} {[%emt 00:02:05]} Nb5
{[%clk 00:21:55]} {[%emt 00:00:05]} 53. Kd2 {[%clk 00:21:14]} {[%emt 00:00:09]}
c4 {[%clk 00:22:07]} {[%emt 00:00:18]} 54. dxc4+ {[%clk 00:19:13]} {[%emt
00:02:32]} Kxc4 {[%clk 00:21:58]} {[%emt 00:00:38]} 55. Kc2 {[%clk 00:19:38]}
{[%emt 00:00:05]} Nd6 {[%clk 00:22:23]} {[%emt 00:00:05]} 56. Bf6 {[%clk
00:15:25]} {[%emt 00:04:43]} Ne4 {[%clk 00:22:21]} {[%emt 00:00:32]} 0-1

[Event "Tournoi International du Pays de Charleroi 2018"]
[Site "Roux, Belgium"]
[Date "2018.08.04"]
[Round "9.12"]
[White "Terryn, Ezra"]
[Black "Naumkin, Igor"]
[Result "0-1"]
[BlackTitle "GM"]
[WhiteElo "2007"]
[BlackElo "2379"]

1. e4 {[%clk 01:30:21]} {[%emt 00:00:38]} e5 {[%clk 01:27:39]} {[%emt
00:03:21]} 2. Nf3 {[%clk 01:30:27]} {[%emt 00:00:25]} Nc6 {[%clk 01:28:00]}
{[%emt 00:00:07]} 3. Bc4 {[%clk 01:30:48]} {[%emt 00:00:09]} Bc5 {[%clk
01:28:24]} {[%emt 00:00:07]} 4. c3 {[%clk 01:31:11]} {[%emt 00:00:06]} Nf6
{[%clk 01:28:36]} {[%emt 00:00:18]} 5. d3 {[%clk 01:31:32]} {[%emt 00:00:09]}
d6 {[%clk 01:28:17]} {[%emt 00:00:51]} 6. Bb3 {[%clk 01:31:39]} {[%emt
00:00:21]} O-O {[%clk 01:28:27]} {[%emt 00:00:21]} 7. Nbd2 {[%clk 01:30:25]}
{[%emt 00:01:45]} a6 {[%clk 01:25:53]} {[%emt 00:03:04]} 8. h3 {[%clk
01:30:32]} {[%emt 00:00:22]} Ba7 {[%clk 01:21:35]} {[%emt 00:04:48]} 9. Nf1
{[%clk 01:30:45]} {[%emt 00:00:17]} d5 {[%clk 01:19:40]} {[%emt 00:02:25]} 10.
Qe2 {[%clk 01:30:41]} {[%emt 00:00:35]} h6 {[%clk 01:16:14]} {[%emt 00:03:55]}
11. Ng3 {[%clk 01:30:39]} {[%emt 00:00:31]} Be6 {[%clk 01:14:30]} {[%emt
00:02:14]} 12. Bc2 {[%clk 01:29:03]} {[%emt 00:02:06]} Re8 {[%clk 01:14:07]}
{[%emt 00:00:54]} 13. O-O {[%clk 01:28:47]} {[%emt 00:00:44]} Qd7 {[%clk
01:11:25]} {[%emt 00:03:12]} 14. Kh2 {[%clk 01:17:31]} {[%emt 00:11:46]} Rad8
{[%clk 01:09:20]} {[%emt 00:02:36]} 15. Nh4 {[%clk 01:17:29]} {[%emt 00:00:33]}
Ne7 {[%clk 01:06:52]} {[%emt 00:02:56]} 16. Qf3 {[%clk 00:57:02]} {[%emt
00:20:58]} c6 {[%clk 00:57:33]} {[%emt 00:09:50]} 17. Ne2 {[%clk 00:40:20]}
{[%emt 00:17:11]} Nh7 {[%clk 00:53:40]} {[%emt 00:04:23]} 18. g4 {[%clk
00:26:23]} {[%emt 00:14:28]} c5 {[%clk 00:49:35]} {[%emt 00:04:35]} 19. Nf5
{[%clk 00:19:24]} {[%emt 00:07:28]} c4 {[%clk 00:46:53]} {[%emt 00:03:13]} 20.
Neg3 {[%clk 00:14:27]} {[%emt 00:05:27]} cxd3 {[%clk 00:44:43]} {[%emt
00:02:40]} 21. Bxd3 {[%clk 00:11:44]} {[%emt 00:03:13]} Bxf5 {[%clk 00:41:22]}
{[%emt 00:03:50]} 22. Nxf5 {[%clk 00:08:21]} {[%emt 00:03:51]} Nxf5 {[%clk
00:39:49]} {[%emt 00:02:05]} 23. Qxf5 {[%clk 00:08:13]} {[%emt 00:00:39]} Qxf5
{[%clk 00:39:22]} {[%emt 00:00:56]} 24. exf5 {[%clk 00:08:09]} {[%emt
00:00:34]} e4 {[%clk 00:39:21]} {[%emt 00:00:31]} 25. Bc2 {[%clk 00:07:26]}
{[%emt 00:01:14]} Ng5 {[%clk 00:35:30]} {[%emt 00:04:21]} 26. Bxg5 {[%clk
00:05:15]} {[%emt 00:02:41]} hxg5 {[%clk 00:34:48]} {[%emt 00:01:11]} 27. Rad1
{[%clk 00:05:05]} {[%emt 00:00:41]} Rd6 {[%clk 00:31:57]} {[%emt 00:03:18]} 28.
Rd2 {[%clk 00:04:39]} {[%emt 00:00:59]} e3 {[%clk 00:28:14]} {[%emt 00:04:12]}
29. Re2 {[%clk 00:02:17]} {[%emt 00:02:53]} d4 {[%clk 00:26:13]} {[%emt
00:02:31]} 30. cxd4 {[%clk 00:02:43]} {[%emt 00:00:05]} Bxd4 {[%clk 00:26:05]}
{[%emt 00:00:37]} 31. fxe3 {[%clk 00:02:56]} {[%emt 00:00:18]} Bxb2 {[%clk
00:25:26]} {[%emt 00:01:08]} 32. e4 {[%clk 00:03:07]} {[%emt 00:00:20]} Be5
{[%clk 00:25:41]} {[%emt 00:00:15]} 33. Kg2 {[%clk 00:03:29]} {[%emt 00:00:07]}
Rc8 {[%clk 00:25:54]} {[%emt 00:00:17]} 34. Rf3 {[%clk 00:02:23]} {[%emt
00:01:36]} b5 {[%clk 00:25:34]} {[%emt 00:00:51]} 35. Kf2 {[%clk 00:01:29]}
{[%emt 00:01:23]} Kf8 {[%clk 00:25:17]} {[%emt 00:00:46]} 36. Bb3 {[%clk
00:01:50]} {[%emt 00:00:10]} a5 {[%clk 00:23:58]} {[%emt 00:01:49]} 37. Bd5
{[%clk 00:02:17]} {[%emt 00:00:03]} Ke7 {[%clk 00:23:00]} {[%emt 00:01:27]} 38.
Rd3 {[%clk 00:02:36]} {[%emt 00:00:11]} b4 {[%clk 00:22:06]} {[%emt 00:01:25]}
39. Red2 {[%clk 00:01:42]} {[%emt 00:01:24]} a4 {[%clk 00:20:52]} {[%emt
00:01:44]} 40. Re2 {[%clk 00:00:54]} {[%emt 00:01:17]} Rb6 {[%clk 00:18:41]}
{[%emt 00:02:42]} 41. Re1 {[%clk 00:26:00]} {[%emt 00:05:24]} Rb5 {[%clk
00:47:23]} {[%emt 00:01:48]} 42. Rb1 {[%clk 00:18:40]} {[%emt 00:07:50]} Rc2+
{[%clk 00:46:29]} {[%emt 00:01:23]} 43. Kf1 {[%clk 00:19:02]} {[%emt 00:00:08]}
b3 {[%clk 00:45:48]} {[%emt 00:01:12]} 44. Ke1 {[%clk 00:14:09]} {[%emt
00:05:22]} Rxa2 {[%clk 00:43:05]} {[%emt 00:03:14]} 45. Bc6 {[%clk 00:14:21]}
{[%emt 00:00:19]} Rc5 {[%clk 00:42:26]} {[%emt 00:01:08]} 46. Rd7+ {[%clk
00:11:56]} {[%emt 00:02:55]} Kf6 {[%clk 00:40:36]} {[%emt 00:02:20]} 47. Bd5
{[%clk 00:12:14]} {[%emt 00:00:12]} Rc7 {[%clk 00:40:01]} {[%emt 00:01:05]} 48.
Rd8 {[%clk 00:12:09]} {[%emt 00:00:36]} Rh2 {[%clk 00:39:24]} {[%emt 00:01:05]}
0-1

[Event "Tournoi International du Pays de Charleroi 2018"]
[Site "Roux, Belgium"]
[Date "2018.08.04"]
[Round "9.23"]
[White "Huynh, Laurent"]
[Black "De Weird, Matthias"]
[Result "1/2-1/2"]
[WhiteElo "2071"]
[BlackElo "1962"]

1. e4 {[%clk 01:30:25]} {[%emt 00:00:35]} g6 {[%clk 01:30:52]} {[%emt
00:00:09]} 2. c4 {[%clk 01:27:49]} {[%emt 00:03:06]} Bg7 {[%clk 01:31:08]}
{[%emt 00:00:14]} 3. Nc3 {[%clk 01:28:10]} {[%emt 00:00:08]} c5 {[%clk
01:31:18]} {[%emt 00:00:21]} 4. g3 {[%clk 01:28:21]} {[%emt 00:00:20]} Nc6
{[%clk 01:31:04]} {[%emt 00:00:43]} 5. Bg2 {[%clk 01:28:31]} {[%emt 00:00:19]}
d6 {[%clk 01:30:30]} {[%emt 00:01:04]} 6. Nge2 {[%clk 01:28:52]} {[%emt
00:00:09]} a6 {[%clk 01:30:32]} {[%emt 00:00:28]} 7. d3 {[%clk 01:27:27]}
{[%emt 00:01:56]} Rb8 {[%clk 01:29:59]} {[%emt 00:01:02]} 8. a4 {[%clk
01:27:22]} {[%emt 00:00:35]} Nd4 {[%clk 01:27:45]} {[%emt 00:02:44]} 9. O-O
{[%clk 01:27:22]} {[%emt 00:00:29]} Nf6 {[%clk 01:28:08]} {[%emt 00:00:08]} 10.
Nxd4 {[%clk 01:25:26]} {[%emt 00:02:26]} cxd4 {[%clk 01:28:34]} {[%emt
00:00:05]} 11. Ne2 {[%clk 01:25:46]} {[%emt 00:00:09]} e5 {[%clk 01:28:58]}
{[%emt 00:00:07]} 12. b4 {[%clk 01:25:21]} {[%emt 00:00:54]} O-O {[%clk
01:29:22]} {[%emt 00:00:07]} 13. a5 {[%clk 01:21:39]} {[%emt 00:04:12]} b5
{[%clk 01:26:52]} {[%emt 00:03:00]} 14. axb6 {[%clk 01:20:57]} {[%emt
00:01:12]} Qxb6 {[%clk 01:26:48]} {[%emt 00:00:34]} 15. Bd2 {[%clk 01:20:51]}
{[%emt 00:00:35]} Be6 {[%clk 01:25:16]} {[%emt 00:02:01]} 16. Qa4 {[%clk
01:19:23]} {[%emt 00:01:59]} Ra8 {[%clk 01:25:33]} {[%emt 00:00:15]} 17. Rfb1
{[%clk 01:19:14]} {[%emt 00:00:38]} Rfb8 {[%clk 01:23:25]} {[%emt 00:02:38]} 18.
h3 {[%clk 01:17:53]} {[%emt 00:01:51]} Nh5 {[%clk 01:21:48]} {[%emt 00:02:07]}
19. g4 {[%clk 01:17:07]} {[%emt 00:01:16]} Nf6 {[%clk 01:22:09]} {[%emt
00:00:09]} 20. Qd1 {[%clk 01:11:24]} {[%emt 00:06:12]} h5 {[%clk 01:17:02]}
{[%emt 00:05:37]} 21. g5 {[%clk 01:09:27]} {[%emt 00:02:27]} Nd7 {[%clk
01:17:21]} {[%emt 00:00:12]} 22. Ra5 {[%clk 01:04:49]} {[%emt 00:05:08]} Ra7
{[%clk 01:05:27]} {[%emt 00:12:24]} 23. Rba1 {[%clk 01:04:27]} {[%emt
00:00:51]} Rba8 {[%clk 01:05:40]} {[%emt 00:00:17]} 24. f4 {[%clk 01:03:26]}
{[%emt 00:01:31]} Bxc4 {[%clk 01:05:49]} {[%emt 00:00:22]} 25. dxc4 {[%clk
01:02:27]} {[%emt 00:01:28]} d3+ {[%clk 01:06:07]} {[%emt 00:00:12]} 26. c5
{[%clk 01:01:29]} {[%emt 00:01:28]} dxe2 {[%clk 01:06:15]} {[%emt 00:00:22]} 27.
Qxe2 {[%clk 01:01:17]} {[%emt 00:00:42]} dxc5 {[%clk 01:06:26]} {[%emt
00:00:19]} 28. bxc5 {[%clk 01:00:46]} {[%emt 00:01:00]} Qc6 {[%clk 01:06:36]}
{[%emt 00:00:17]} 29. f5 {[%clk 01:00:15]} {[%emt 00:01:05]} Bf8 {[%clk
01:06:43]} {[%emt 00:00:23]} 30. Be3 {[%clk 01:00:07]} {[%emt 00:00:39]} Bxc5
{[%clk 01:06:30]} {[%emt 00:00:43]} 31. Rxc5 {[%clk 00:58:03]} {[%emt
00:02:33]} Nxc5 {[%clk 01:06:49]} {[%emt 00:00:11]} 32. Rc1 {[%clk 00:58:01]}
{[%emt 00:00:31]} Qb5 {[%clk 01:06:21]} {[%emt 00:00:59]} 33. Qxb5 {[%clk
00:57:08]} {[%emt 00:01:23]} axb5 {[%clk 01:05:37]} {[%emt 00:01:14]} 34. Rxc5
{[%clk 00:57:23]} {[%emt 00:00:15]} Rb7 {[%clk 01:05:07]} {[%emt 00:01:00]} 35.
Rxe5 {[%clk 00:57:38]} {[%emt 00:00:15]} b4 {[%clk 01:03:57]} {[%emt 00:01:40]}
36. Bd4 {[%clk 00:57:55]} {[%emt 00:00:13]} Rd7 {[%clk 01:02:32]} {[%emt
00:01:55]} 37. Rd5 {[%clk 00:48:31]} {[%emt 00:09:54]} Rxd5 {[%clk 01:01:43]}
{[%emt 00:01:19]} 38. exd5 {[%clk 00:49:00]} b3 {[%clk 01:01:49]} {[%emt
00:00:24]} 39. d6 {[%clk 00:48:00]} {[%emt 00:01:31]} Rd8 {[%clk 01:02:01]}
{[%emt 00:00:18]} 40. Be5 {[%clk 00:48:18]} {[%emt 00:00:11]} gxf5 {[%clk
01:02:12]} {[%emt 00:00:19]} 41. Bf1 {[%clk 00:47:03]} {[%emt 00:01:45]} b2
{[%clk 00:58:54]} {[%emt 00:03:48]} 42. Bd3 {[%clk 00:47:20]} {[%emt 00:00:13]}
Rb8 {[%clk 00:58:45]} {[%emt 00:00:40]} 43. Bb1 {[%clk 00:46:08]} {[%emt
00:01:40]} Rb5 {[%clk 00:59:02]} {[%emt 00:00:14]} 44. Bf4 {[%clk 00:40:58]}
{[%emt 00:05:39]} Rd5 {[%clk 00:54:58]} {[%emt 00:04:35]} 45. Kf2 {[%clk
00:41:13]} {[%emt 00:00:15]} Rd1 {[%clk 00:55:20]} {[%emt 00:00:08]} 46. Bxf5
{[%clk 00:41:05]} {[%emt 00:00:37]} b1=Q {[%clk 00:55:30]} {[%emt 00:00:21]} 47.
Bxb1 {[%clk 00:41:34]} {[%emt 00:00:02]} Rxb1 {[%clk 00:55:39]} {[%emt
00:00:21]} 48. Be5 {[%clk 00:41:34]} {[%emt 00:00:30]} Kf8 {[%clk 00:54:52]}
{[%emt 00:01:15]} 49. Bf6 {[%clk 00:41:49]} {[%emt 00:00:16]} Ke8 {[%clk
00:55:14]} {[%emt 00:00:08]} 50. Kg3 {[%clk 00:42:01]} {[%emt 00:00:18]} Rb4
{[%clk 00:55:04]} {[%emt 00:00:40]} 51. Be7 {[%clk 00:41:40]} {[%emt 00:00:51]}
Kd7 {[%clk 00:55:02]} {[%emt 00:00:32]} 52. Bf8 {[%clk 00:41:55]} {[%emt
00:00:15]} Ke6 {[%clk 00:54:32]} {[%emt 00:01:00]} 53. h4 {[%clk 00:41:31]}
{[%emt 00:00:53]} Rg4+ {[%clk 00:53:27]} {[%emt 00:01:36]} 54. Kh3 {[%clk
00:42:00]} Kf5 {[%clk 00:53:02]} {[%emt 00:00:55]} 55. Be7 {[%clk 00:42:22]}
{[%emt 00:00:08]} Rd4 {[%clk 00:53:21]} {[%emt 00:00:11]} 56. Kg3 {[%clk
00:42:39]} {[%emt 00:00:13]} Ke4 {[%clk 00:51:04]} {[%emt 00:02:46]} 57. Kf2
{[%clk 00:42:36]} {[%emt 00:00:33]} Rd2+ {[%emt 00:03:49]} 1/2-1/2